A carregar...
കാഥികന്റെ കല/
| Autor principal: | |
|---|---|
| Formato: | Printed Book |
| Idioma: | Malayalam |
| Publicado em: |
Thrissur:
Current books,
1994.
Current Books , 1992. |
| Assuntos: |
| LEADER | 01484nam a22002897a 4500 | ||
|---|---|---|---|
| 008 | 150624b xxu||||| |||| 00| | mal d | ||
| 020 | |a 8171300448 | ||
| 041 | |a mal | ||
| 082 | |a 855.33409 |a 855.33409 | ||
| 082 | |a 850.92 VAS/K | ||
| 100 | |a Vasudevan Nair,M T | ||
| 245 | |a കാഥികന്റെ കല/ |c M T Vasudevan Nair | ||
| 246 | |a Kathikkante kala |h Malayalam | ||
| 260 | |a Thrissur: |b Current books, |c 1994. | ||
| 260 | |b Current Books , |c 1992. | ||
| 300 | |a 122p. | ||
| 546 | |a In Malayalam. | ||
| 650 | |a Essays | ||
| 650 | |a Short stories, Malayalam |x Study | ||
| 942 | |c BK | ||
| 999 | |c 258662 |d 258662 | ||
| 952 | |0 0 |1 0 |4 0 |6 855_334090000000000_KAA_M |7 0 |9 83106 |a UL |b UL |c ST1 |d 1998-08-28 |l 1 |m 1 |o 855.33409 KAA M |p 66771 |r 2015-06-23 |s 2015-04-13 |y BK | ||
| 952 | |0 0 |1 0 |4 0 |6 855_090000000000000_VAS_K_M |7 0 |9 121093 |a UL |b UL |c ST1 |d 2017-03-20 |l 0 |o 855.09 VAS/K M |p 53237 |r 2017-03-20 |v 9.00 |y BK | ||
| 952 | |0 0 |1 0 |4 0 |7 0 |9 288029 |a RUS |b RUS |c ST1 |d 2005-04-04 |i 4344M |l 0 |p RUS4344M |r 2014-02-14 |w 2014-02-14 |y BK | ||
| 952 | |0 0 |1 0 |2 ddc |4 0 |6 M_814_000000000000000_VAS_KA |7 0 |9 351683 |a DRA |b DRA |c ST1 |d 2012-10-15 |i 4585 |l 0 |o M 814 VAS/KA |p DRA4585 |r 2019-01-03 |v 12.00 |w 2019-01-03 |y BK | ||
| 952 | |0 0 |1 0 |2 ddc |4 0 |6 850_920000000000000_VAS_K |7 0 |9 373004 |a CSC |b CSC |c ST1 |d 2016-02-01 |i 7834 |l 0 |o 850.92 VAS/K |p CSC 7834 |r 2016-02-01 |w 2016-02-01 |y BK | ||
| 952 | |0 0 |1 0 |2 ddc |4 0 |6 855_334090000000000_KAA_M |7 0 |9 398644 |a LLE |b LLE |c ST1 |d 2019-12-07 |g 65.00 |i 2662 |l 0 |o 855.33409 KAA M |p LLE2662 |r 2019-12-07 |w 2019-12-07 |y BK | ||